000 00759cam a2200205 a 4500
001 000008427
005 20200929161336.0
008 980811s1990 cu 000 0 spa d
040 _aDO-SdBNP
_cFQG
_dDLC
082 _aCu862.44
_bR696m
100 1 _aRodríguez Alemán, Mario,
_d1926-
_922703
245 1 0 _aMural del teatro en Cuba :
_b1980-1982 : crítica y crónica /
_cMario Rodríguez Alemán ; selección y prólogo de Rine Leal.
260 _aLa Habana :
_bUnión de Escritores y Artistas de Cuba,
_c1990.
300 _a312 p. ;
_c20 cm.
490 1 _aContemporáneos
650 4 _aTeatro cubano
_ySIGLO XX
_xHistoria y crítica
_922704
700 1 _aLeal, Rine,
_eprol.
_922705
830 0 _aContemporáneos.
_96941
910 _aCatalogación por copia / LC
999 _c8198
_d8198